Basic histology : Texts and atlas

Guardat en:
Dades bibliogràfiques
Autor principal: Juinquera, Luiz Carlos
Format: Llibre
Idioma:Undetermined
Publicat: New York McGraw-Hill 2003
Matèries:
Etiquetes: Afegir etiqueta
Sense etiquetes, Sigues el primer a etiquetar aquest registre!
Thư viện lưu trữ: Trung tâm Học liệu Trường Đại học Cần Thơ
LEADER 00513nam a2200193Ia 4500
001 CTU_68479
008 210402s9999 xx 000 0 und d
082 |a 611.018 
082 |b J95 
100 |a Juinquera, Luiz Carlos 
245 0 |a Basic histology : 
245 0 |b Texts and atlas 
245 0 |c Luiz Carlos Juinquera and José Carneirro 
260 |a New York 
260 |b McGraw-Hill 
260 |c 2003 
650 |a Histology 
904 |i Minh 
980 |a Trung tâm Học liệu Trường Đại học Cần Thơ